000 00699nam a2200277Ia 4500
003 OSt
005 20231123123738.0
008 210210b1930 xxu||||| |||| 00| 0 eng d
040 _cAL
041 _aeng
082 _a331/247
100 _aWELSTON
_9143142
245 _aPitmans dictionary of economic and banking terms
260 _aLondon
_bSir Isaac Pitman & Sons Ltd.,
_c1930
650 _aterms
_9143143
650 _aPitmans
_9143144
650 _aof
_9143145
650 _aeconomic
_9143146
650 _adictionary
_9143147
650 _abanking
_9143148
650 _aand
_9143149
690 _aBanking
_9143150
700 _aCREW
_9143151
906 _a004149
942 _2ddc
_cBK
999 _c123208
_d123208